[Event "SR 2. liga A 2007/2008"]
[Site "?"]
[Date "2007.12.01"]
[Round "5.2"]
[White "Gasa, Andrej"]
[Black "Skreno, Vladimir"]
[Result "1-0"]
[WhiteElo "2214"]
[BlackElo "2063"]
[PlyCount "133"]
[EventDate "2007.??.??"]

1. e4 c5 2. Nf3 Nc6 3. d4 cxd4 4. Nxd4 e5 5. Nb5 a6 6. Nd6+ Bxd6 7. Qxd6 Qf6 8.
Qd1 Qg6 9. Nc3 d5 10. Nxd5 Qxe4+ 11. Ne3 Be6 12. Bd3 Qh4 13. c3 Nf6 14. g3 Qh3
15. Bf1 Qh5 16. Qxh5 Nxh5 17. Bg2 O-O 18. O-O Rad8 19. b3 Rd7 20. Ba3 Rfd8 21.
Rfd1 Nf6 22. Rxd7 Rxd7 23. Rd1 Rxd1+ 24. Nxd1 e4 25. c4 Bg4 26. Nc3 Bf3 27. Bh3
Ng4 28. Bxg4 Bxg4 29. Nxe4 Nd4 30. Bb2 Nf3+ 31. Kg2 Ne1+ 32. Kf1 Nd3 33. Ba3
Ne5 34. f4 Bh3+ 35. Kf2 Ng4+ 36. Kg1 Ne3 37. Bc5 Nc2 38. Nd6 Ne1 39. Nxb7 Nf3+
40. Kf2 Nxh2 41. Bd4 Bf5 42. c5 Be4 43. Nd6 Ng4+ 44. Ke1 Bd5 45. b4 Kf8 46. a4
Ke7 47. b5 axb5 48. axb5 Kd7 49. Ke2 f6 50. Kd3 h5 51. Ne4 Nh6 52. Bc3 Nf5 53.
Be1 Kc7 54. Bf2 Kb7 55. Nc3 Bg2 56. Kc4 g5 57. Nd5 h4 58. c6+ Kc8 59. gxh4 gxh4
60. Nxf6 h3 61. Ng4 Nd6+ 62. Kb4 Kc7 63. Bd4 Nf5 64. Kc5 Nxd4 65. Kxd4 Kb6 66.
f5 Bf3 67. Nh2 1-0

[Event "SR 2. liga A 2007/2008"]
[Site "?"]
[Date "2007.12.02"]
[Round "5.2"]
[White "Hecko, Dusan"]
[Black "Mihalik, Marek"]
[Result "1/2-1/2"]
[WhiteElo "2123"]
[BlackElo "2111"]
[Annotator "Fritz 9 (20s)"]
[PlyCount "45"]
[EventDate "2007.??.??"]

{A46: 1 d4 Nf6 2 Nf3 e6: Torre, London and Colle Systems} 1. d4 Nf6 2. Nf3 e6
3. Bf4 Be7 4. e3 {novinka} ({kniz. Fritz} 4. c3 b6 5. e3 Bb7 6. Nbd2) 4... O-O
5. Bd3 d5 6. O-O b6 7. Nbd2 Bb7 8. Ne5 $16 c5 9. c3 Nc6 10. Nxc6 Bxc6 11. Rc1
Qd7 12. Nf3 Bb5 13. Ne5 Qe8 14. Re1 Bxd3 $11 15. Qxd3 Nh5 16. Bg3 Nxg3 17. hxg3
c4 18. Qc2 f5 $15 19. b4 Bd6 $17 20. a4 a6 21. Ra1 Bxe5 22. dxe5 $11 Qb8 23. f4
1/2-1/2

[Event "SR 2. liga A 2007/2008"]
[Site "?"]
[Date "2007.12.01"]
[Round "5.2"]
[White "Pacher, Milan"]
[Black "Machalova, Veronika"]
[Result "1/2-1/2"]
[WhiteElo "2328"]
[BlackElo "2191"]
[PlyCount "75"]
[EventDate "2007.??.??"]
[WhiteTeam "Doprastav BA C"]
[BlackTeam "Doprastav BA D"]

1. d4 Nf6 2. c4 e6 3. g3 Bb4+ 4. Nd2 Ne4 5. Bg2 Bxd2+ 6. Bxd2 Nxd2 7. Qxd2 d6
8. Nf3 Nd7 9. O-O O-O 10. b4 Qe7 11. a4 e5 12. e3 Rb8 13. Qc3 Re8 14. c5 Nf6
15. Rac1 b6 16. Nd2 e4 17. cxd6 cxd6 18. Qc7 Bb7 19. Bh3 Nd5 20. Qc4 g6 21. a5
f5 22. a6 Rec8 23. Qb3 Ba8 24. b5 Kg7 25. Nc4 Rc7 26. Rfe1 Rbc8 27. Bf1 Nf6 28.
Qa3 Ne8 29. Nd2 Bd5 30. Nb1 Nf6 31. Nc3 Bc4 32. Na2 Bxa2 33. Rxc7 Qxc7 34. Qxa2
Qf7 35. Qa3 Qc7 36. Qb3 Qf7 37. Qa3 Qc7 38. Qb3 1/2-1/2

[Event "SR 2. liga A 2007/2008"]
[Site "?"]
[Date "2007.12.01"]
[Round "5.2"]
[White "Pusec, Pavel"]
[Black "Farkas, Gabor"]
[Result "1/2-1/2"]
[WhiteElo "2105"]
[BlackElo "2333"]
[PlyCount "79"]
[EventDate "2007.??.??"]

1. d4 Nf6 2. Nf3 g6 3. Nbd2 d5 4. Ne5 Bg7 5. e3 O-O 6. Bd3 c5 7. c3 Nc6 8. f4
Nxe5 9. dxe5 Ng4 10. Nf3 f6 11. h3 fxe5 12. hxg4 e4 13. Ng5 exd3 14. Nxh7 c4
15. Nxf8 Qxf8 16. Qf3 Qf7 17. Bd2 b5 18. O-O-O Rb8 19. Rdf1 a5 20. f5 gxf5 21.
gxf5 b4 22. g4 Bb7 23. Qf4 Rc8 24. f6 exf6 25. Qf5 Rc6 26. g5 Kf8 27. e4 dxe4
28. Qxa5 bxc3 29. Qd8+ Qe8 30. Qxe8+ Kxe8 31. Bxc3 e3 32. Rh7 d2+ 33. Bxd2
exd2+ 34. Kxd2 Rd6+ 35. Kc1 Kf7 36. gxf6 Rxf6 37. Rxf6+ Kxf6 38. Rxg7 Kxg7 39.
b3 cxb3 40. axb3 1/2-1/2

[Event "SR 2. liga A 2007/2008"]
[Site "?"]
[Date "2007.12.01"]
[Round "5.2"]
[White "Varga, David"]
[Black "Klemanic, Emil"]
[Result "1-0"]
[WhiteElo "2293"]
[BlackElo "2285"]
[Annotator ",Kaiko"]
[PlyCount "57"]
[EventDate "2007.??.??"]
[TimeControl "240+2"]

{74MB, Hiarcs10.ctg} 1. e4 d6 2. d4 Nf6 3. Nc3 e5 4. Nf3 Nbd7 5. Bc4 Be7 6. Ng5
O-O 7. Bxf7+ Rxf7 8. Ne6 Qe8 9. Nxc7 Qd8 10. Nxa8 b5 11. dxe5 Nxe5 12. Nd5 Nxd5
13. Qxd5 Bh4 14. Be3 Bb7 15. Qxb5 Bxa8 16. O-O-O Bxe4 17. Rd4 Bxg2 18. Rhd1 d5
19. Rxh4 Qxh4 20. Qe8+ Rf8 21. Qxe5 a6 22. Rg1 Qe4 23. Qg5 d4 24. Rxg2 g6 25.
Rg4 Qh1+ 26. Rg1 Qe4 27. Bd2 Rxf2 28. Re1 Re2 29. Qd8+ 1-0

[Event "SR 2. liga A 2007/2008"]
[Site "?"]
[Date "2007.12.01"]
[Round "5.3"]
[White "Antala, Jan"]
[Black "Gazi, Mikulas"]
[Result "0-1"]
[WhiteElo "1942"]
[BlackElo "2184"]
[PlyCount "60"]
[EventDate "2007.??.??"]

1. e4 c5 2. Nf3 d6 3. d4 cxd4 4. c3 dxc3 5. Nxc3 e6 6. Bc4 Ne7 7. O-O Ng6 8.
Qe2 Nc6 9. Bb5 Bd7 10. Bxc6 bxc6 11. Rd1 Be7 12. e5 d5 13. b3 O-O 14. g3 f6 15.
Bb2 fxe5 16. Nxe5 Nxe5 17. Qxe5 Bf6 18. Qe2 e5 19. Na4 e4 20. Nc5 Bxb2 21. Qxb2
Bg4 22. Nxe4 Bxd1 23. Rxd1 Qe7 24. Nc3 Rae8 25. Qd2 Qe5 26. Kg2 Qh5 27. f4 Rf6
28. h3 Rh6 29. Rh1 Rhe6 30. g4 Qh4 0-1

[Event "SR 2. liga A 2007/2008"]
[Site "?"]
[Date "2007.12.01"]
[Round "5.3"]
[White "Gajarsky, Roman"]
[Black "Hecko, Dusan"]
[Result "0-1"]
[WhiteElo "1981"]
[BlackElo "2123"]
[Annotator "Fritz 9 (20s)"]
[PlyCount "66"]
[EventDate "2007.??.??"]

{B18: Classical Caro-Kann: 4...Bf5 sidelines} 1. e4 c6 2. d4 d5 3. Nd2 dxe4 4.
Nxe4 Bf5 5. Ng3 Bg6 6. Be3 {novinka} e6 7. Bd3 Bxd3 8. Qxd3 Nf6 9. Nf3 Nbd7 10.
h3 Bd6 $11 11. Ne2 Qc7 12. c4 O-O 13. c5 Be7 $15 14. Bf4 Qd8 15. Nc3 $2 Nxc5 $1
$17 16. Qe3 Ncd7 17. O-O Nb6 18. Rad1 Nbd5 $19 19. Qc1 Nxf4 20. Qxf4 Nd5 21.
Qe4 Nxc3 22. bxc3 $17 Qd5 23. Qc2 Rfd8 24. Rfe1 Bf6 25. Rb1 b6 26. Re4 c5 $19
27. c4 Qf5 28. dxc5 (28. d5 Rd6 $17) 28... Qxc5 $19 29. Rg4 Rac8 30. Rd1 Rxd1+
31. Qxd1 Rd8 32. Qa4 Qc7 33. g3 $2 Qd7 0-1

[Event "SR 2. liga A 2007/2008"]
[Site "?"]
[Date "2007.12.01"]
[Round "5.3"]
[White "Hartl, Jan"]
[Black "Petenyi, Tamas"]
[Result "0-1"]
[WhiteElo "2186"]
[BlackElo "2196"]
[Annotator ",Kaiko"]
[PlyCount "62"]
[EventDate "2007.??.??"]
[TimeControl "240+2"]

{74MB, Hiarcs10.ctg} 1. e4 c5 2. Nf3 d6 3. d4 cxd4 4. Nxd4 Nf6 5. Nc3 a6 6. Bc4
e6 7. Bb3 b5 8. a3 Bb7 9. Qe2 Nc6 10. Nxc6 Bxc6 11. O-O Be7 12. Rd1 Qc7 13. Bf4
O-O 14. Rd2 Rfd8 15. Bg3 Qb7 16. f3 a5 17. a4 bxa4 18. Nxa4 d5 19. e5 Nd7 20.
Bf2 Bxa4 21. Rxa4 Bc5 22. f4 Rdc8 23. Qg4 Bxf2+ 24. Rxf2 Nc5 25. f5 exf5 26.
Qxf5 Nxa4 27. e6 fxe6 28. Qxe6+ Kh8 29. Bxa4 Qxb2 30. Bc6 Qb1+ 31. Rf1 Qb6+ 0-1

[Event "SR 2. liga A 2007/2008"]
[Site "?"]
[Date "2007.12.01"]
[Round "5.3"]
[White "Horvath, Mario"]
[Black "Pobjecky, Ivan"]
[Result "1/2-1/2"]
[WhiteElo "2283"]
[BlackElo "2040"]
[PlyCount "126"]
[EventDate "2007.??.??"]

1. d4 Nf6 2. c4 g6 3. g3 Bg7 4. Bg2 O-O 5. Nc3 d6 6. Nf3 Na6 7. O-O c5 8. h3
cxd4 9. Nxd4 Nc5 10. Be3 a6 11. Qd2 Rb8 12. Rac1 Ne6 13. Nb3 Bd7 14. Ba7 Ra8
15. Qe3 Bc6 16. Bb6 Qc8 17. Nd5 Re8 18. Qd2 Nd7 19. Be3 Rb8 20. Na5 Nd8 21. Bg5
f6 22. Be3 e6 23. Nxc6 bxc6 24. Nc3 Nf7 25. b3 Qb7 26. Ne4 d5 27. cxd5 cxd5 28.
Nc5 Nxc5 29. Rxc5 Rbc8 30. Rfc1 Rxc5 31. Rxc5 Rc8 32. Qa5 Bf8 33. Rxc8 Qxc8 34.
Qb6 Ne5 35. Bd4 Kf7 36. f4 Nd7 37. Qa7 Bc5 38. Bxc5 Qxc5+ 39. Qxc5 Nxc5 40. b4
Nd7 41. Kf2 Ke7 42. Ke3 Kd6 43. Kd2 e5 44. e3 Kc6 45. Bf1 Kb6 46. Bd3 Nb8 47.
h4 Nc6 48. Kc3 Ne7 49. g4 h6 50. fxe5 fxe5 51. g5 hxg5 52. hxg5 e4 53. Be2 Nf5
54. Bg4 Nxe3 55. Be6 Kc6 56. Bf7 Kd6 57. Bxg6 Ke5 58. Be8 d4+ 59. Kd2 Nd5 60.
b5 e3+ 61. Kc2 axb5 62. Bxb5 Nc3 63. a4 Nxa4 1/2-1/2

[Event "SR 2. liga A 2007/2008"]
[Site "?"]
[Date "2007.12.01"]
[Round "5.3"]
[White "Machalova, Erika"]
[Black "Kleman, Miroslav"]
[Result "1/2-1/2"]
[WhiteElo "2094"]
[BlackElo "2097"]
[PlyCount "89"]
[EventDate "2007.??.??"]
[WhiteTeam "Doprastav BA D"]
[BlackTeam "Doprastav BA C"]

1. d4 d6 2. c4 Nd7 3. Nc3 e5 4. e3 Ngf6 5. Bd3 g6 6. Nge2 Bg7 7. O-O O-O 8. b4
a5 9. b5 b6 10. Ba3 Re8 11. Rc1 Bb7 12. Na4 exd4 13. exd4 Ne4 14. f3 Nef6 15.
Rc2 Bh6 16. Bc1 Be3+ 17. Kh1 Qe7 18. Nac3 Bxc1 19. Qxc1 Qe3 20. Rd2 Re7 21. Qc2
Rae8 22. Nd1 Qg5 23. Ng3 Qf4 24. Ne4 Nxe4 25. fxe4 Qh4 26. Nc3 Nf6 27. g3 Qg5
28. Re2 Ng4 29. Rfe1 Qf6 30. d5 Bc8 31. Kg2 Qd4 32. Nd1 Ne5 33. Nf2 Nd7 34. Rd2
Qg7 35. Be2 Nc5 36. Bf3 f5 37. Rde2 fxe4 38. Bxe4 Nxe4 39. Rxe4 Bf5 40. Rxe7
Rxe7 41. Qd2 Kf8 42. Rxe7 Kxe7 43. g4 Bd7 44. Nd3 Qf6 45. Qe3+ 1/2-1/2

[Event "SR 2. liga A 2007/2008"]
[Site "?"]
[Date "2007.12.01"]
[Round "5.4"]
[White "Csiba, Dominik"]
[Black "Janos, Ivan"]
[Result "1-0"]
[WhiteElo "2111"]
[BlackElo "2120"]
[Annotator ",Kaiko"]
[PlyCount "97"]
[EventDate "2007.??.??"]
[TimeControl "240+2"]

{74MB, Hiarcs10.ctg} 1. d4 Nf6 2. c4 e6 3. Nc3 Bb4 4. e3 b6 5. Nge2 Ba6 6. a3
Bxc3+ 7. Nxc3 d5 8. Qa4+ c6 9. b3 O-O 10. Be2 Bb7 11. Bf3 a6 12. Ne2 a5 13. Bd2
Ba6 14. Rc1 Qd7 15. b4 Bxc4 16. bxa5 bxa5 17. Rxc4 dxc4 18. Qxc4 Qd6 19. a4
Nbd7 20. Qxc6 Qa3 21. O-O e5 22. Rc1 Qd3 23. Be1 e4 24. Nf4 Qa3 25. Be2 Nb6 26.
Rc3 Qa1 27. Rc1 Qb2 28. Rc2 Qb1 29. Rc1 Qb3 30. Qb5 Qa3 31. Rb1 Nxa4 32. Rb3
Qa2 33. g4 h6 34. h4 Rac8 35. Kg2 Qa1 36. Rb1 Qa3 37. g5 hxg5 38. hxg5 Nh7 39.
g6 Nf6 40. Bc4 Nc3 41. Bxc3 Qxc3 42. gxf7+ Rxf7 43. Bxf7+ Kxf7 44. Qf5 Qc6 45.
d5 Qe8 46. Rb7+ Kg8 47. Qg5 Nd7 48. Qg4 Rd8 49. Ne6 1-0

[Event "SR 2. liga A 2007/2008"]
[Site "?"]
[Date "2007.12.01"]
[Round "5.4"]
[White "Diviak, Rastislav"]
[Black "Peska, Juraj"]
[Result "1/2-1/2"]
[WhiteElo "2042"]
[BlackElo "1961"]
[PlyCount "41"]
[EventDate "2007.??.??"]

1. e4 e5 2. Nf3 d6 3. d4 exd4 4. Nxd4 Nf6 5. Nc3 Be7 6. Be2 O-O 7. O-O Bd7 8.
Be3 Nc6 9. f4 Nxd4 10. Bxd4 Bc6 11. Bf3 Nd7 12. Qd2 Bf6 13. Rad1 Nb6 14. b3 Re8
15. Rfe1 Bxd4+ 16. Qxd4 f6 17. Bg4 Bd7 18. Bxd7 Qxd7 19. Nd5 Qc6 20. c4 Nxd5
21. Qxd5+ 1/2-1/2

[Event "SR 2. liga A 2007/2008"]
[Site "?"]
[Date "2007.12.01"]
[Round "5.4"]
[White "Furjel, Andrej"]
[Black "Janko, Ladislav"]
[Result "0-1"]
[WhiteElo "2033"]
[BlackElo "2195"]
[PlyCount "126"]
[EventDate "2007.??.??"]

1. Nf3 g6 2. g3 Bg7 3. Bg2 c5 4. c4 Nc6 5. Nc3 Nf6 6. O-O O-O 7. d4 cxd4 8.
Nxd4 Qb6 9. Nxc6 bxc6 10. Rb1 d6 11. b3 Bb7 12. Bb2 d5 13. cxd5 cxd5 14. Na4
Qb5 15. Rc1 Rac8 16. Qd2 e6 17. Bd4 Bc6 18. Rc5 Qb7 19. Ra5 Ra8 20. Nc5 Qe7 21.
Qb2 Rfc8 22. Nd3 Ne8 23. Bxg7 Nxg7 24. Rc5 Ne8 25. Rfc1 Bb7 26. Rxc8 Rxc8 27.
Rxc8 Bxc8 28. b4 Ba6 29. b5 Bc8 30. a4 Qc7 31. e4 Qc4 32. Qc1 Nd6 33. Qxc4 dxc4
34. Nb4 e5 35. Kf1 Bb7 36. f3 f5 37. exf5 gxf5 38. Ke2 Kf7 39. Ke3 Ke6 40. Bf1
Bd5 41. Na2 f4+ 42. gxf4 Nf5+ 43. Kd2 exf4 44. Kc3 Bxf3 45. Bxc4+ Ke5 46. Nb4
Ne7 47. a5 Bg2 48. b6 axb6 49. axb6 Nc8 50. Bd5 Bxd5 51. Nxd5 Nd6 52. Nb4 Ke4
53. Kd2 Nc4+ 54. Ke2 Nxb6 55. Nc2 Nc4 56. Ne1 Ne5 57. Kf2 h5 58. h3 f3 59. Nc2
Nd3+ 60. Kf1 Nf4 61. Kf2 Nxh3+ 62. Kg3 f2 63. Kg2 Kd3 0-1

[Event "SR 2. liga A 2007/2008"]
[Site "?"]
[Date "2007.12.01"]
[Round "5.4"]
[White "Petrik, Karol"]
[Black "Lobodas, Andrej"]
[Result "1-0"]
[WhiteElo "2167"]
[BlackElo "1938"]
[PlyCount "105"]
[EventDate "2007.??.??"]

1. d4 g6 2. e4 d6 3. Nc3 Bg7 4. Nge2 e5 5. h3 Ne7 6. g3 O-O 7. Bg2 Nbc6 8. Be3
exd4 9. Nxd4 Be6 10. O-O Nxd4 11. Bxd4 f6 12. Qd2 Nc6 13. Be3 Qd7 14. Kh2 Ne5
15. b3 Rad8 16. f4 Nc6 17. Rad1 f5 18. exf5 Bxf5 19. g4 Be6 20. Ne4 h6 21. Ng3
Kh7 22. Be4 Bxg4 23. hxg4 Qxg4 24. Bg2 Qe6 25. Bh3 Qe7 26. f5 g5 27. Rde1 Be5
28. Bf2 Qf6 29. Qe2 Bxg3+ 30. Bxg3 Ne5 31. Bxe5 dxe5 32. Qxe5 Rd2+ 33. Kg1 Qxe5
34. Rxe5 Rxc2 35. f6 Rd2 36. Re7+ Kg6 37. Rg7+ Kh5 38. Rxc7 g4 39. Bg2 Rxa2 40.
Rxb7 Kh4 41. f7 Kg3 42. Bh1 h5 43. Re7 Rb2 44. Re3+ Kh4 45. Re8 Rxf7 46. Rxf7
Rxb3 47. Bg2 Kg3 48. Rxa7 h4 49. Rae7 Rb1+ 50. Re1 Rb6 51. R8e4 h3 52. R1e3+
Kh4 53. Rxh3+ 1-0

[Event "SR 2. liga A 2007/2008"]
[Site "?"]
[Date "2007.12.01"]
[Round "5.4"]
[White "Polacik, Igor"]
[Black "Kubon, Kamil"]
[Result "1-0"]
[WhiteElo "2130"]
[BlackElo "2053"]
[PlyCount "55"]
[EventDate "2007.??.??"]
[WhiteTeam "Doprastav BA C"]
[BlackTeam "Doprastav BA D"]

1. e4 e6 2. d3 d5 3. Nd2 g6 4. Ngf3 Bg7 5. g3 Ne7 6. Bg2 O-O 7. O-O b6 8. Re1
Bb7 9. Qe2 c5 10. h4 d4 11. Nf1 Nbc6 12. h5 e5 13. N1h2 Qd6 14. Nh4 f5 15. hxg6
hxg6 16. exf5 gxf5 17. Qh5 Rf7 18. f4 Nd8 19. Bxb7 Nxb7 20. N2f3 Qh6 21. Qxh6
Bxh6 22. Rxe5 Bg7 23. Re2 Bf6 24. Bd2 Rg7 25. Kf2 Kf7 26. Rae1 Rag8 27. Rxe7+
Bxe7 28. Nxf5 1-0

[Event "SR 2. liga A 2007/2008"]
[Site "?"]
[Date "2007.12.01"]
[Round "5.5"]
[White "Cibicek, Jozef"]
[Black "Flak, Juraj"]
[Result "0-1"]
[WhiteElo "1996"]
[BlackElo "2035"]
[PlyCount "100"]
[EventDate "2007.??.??"]
[WhiteTeam "Doprastav BA D"]
[BlackTeam "Doprastav BA C"]

1. d4 Nf6 2. Bg5 e6 3. e4 h6 4. Bxf6 Qxf6 5. Nc3 Bb4 6. Qd2 e5 7. d5 Qg6 8.
Nge2 d6 9. h4 f5 10. O-O-O fxe4 11. Ng3 Bf5 12. Nxf5 Qxf5 13. g4 Qf7 14. Qe3
Bxc3 15. Bb5+ Nd7 16. Qxc3 O-O-O 17. Rh3 a6 18. Bf1 Qxf2 19. Re3 Rhf8 20. Rxe4
Rf4 21. Re3 Rdf8 22. Qa3 Rf3 23. Rxf3 Rxf3 24. Qa4 Qe3+ 25. Kb1 Rf4 26. Qa5 Qg1
27. Qe1 Qxg4 28. a3 Qxh4 29. Qe3 Qh1 30. Qd3 Qf3 31. Qd2 Rd4 32. Bd3 e4 33. Re1
Ne5 34. Qc3 Nxd3 35. cxd3 Qxd3+ 36. Qxd3 exd3 37. Rd1 Rxd5 38. Ka2 d2 39. Kb1
g5 40. Ka1 g4 41. b4 g3 42. Kb2 g2 43. Kc2 h5 44. b5 axb5 45. Kb2 h4 46. Kc2 h3
47. Kc3 h2 48. a4 g1=Q 49. Kc2 h1=Q 50. Rxg1 Qxg1 0-1

[Event "SR 2. liga A 2007/2008"]
[Site "?"]
[Date "2007.12.01"]
[Round "5.5"]
[White "Jurcak, Marian"]
[Black "Farkas, Vladimir"]
[Result "1/2-1/2"]
[WhiteElo "1891"]
[BlackElo "2076"]
[PlyCount "189"]
[EventDate "2007.??.??"]

1. e4 d6 2. d4 g6 3. Nc3 Bg7 4. f4 Nf6 5. Nf3 O-O 6. Be3 a6 7. Bd3 b5 8. a3 Bb7
9. O-O Nbd7 10. e5 Ng4 11. Bd2 e6 12. Ne4 d5 13. Ng3 c5 14. c3 Qe7 15. h3 Nh6
16. Be3 Rfc8 17. Qd2 Nf5 18. Bf2 Nxg3 19. Bxg3 Rc7 20. Bh4 Qe8 21. Rae1 Bf8 22.
g4 cxd4 23. cxd4 Nb6 24. f5 Nc4 25. Qg2 b4 26. axb4 Bxb4 27. Re2 Rac8 28. fxe6
fxe6 29. Ng5 Be7 30. Qf2 Bxg5 31. Bxg5 Nb6 32. Qe3 Rf7 33. Rxf7 Qxf7 34. Rf2
Qe8 35. Bh6 Nd7 36. Qe2 Ra8 37. Qc2 Rc8 38. Qb3 (38. Qb1 Rc7) 38... Rb8 39. Qa3
Rc8 40. Qb4 Rb8 41. Qd6 Rc8 42. Qb4 Rc7 43. Bc2 Bc6 44. Qa5 Qc8 45. Qa3 Qe8 46.
Qxa6 Nb8 47. Qa5 Rf7 48. Rxf7 Kxf7 49. Qc7+ Bd7 50. Bg5 Kg8 51. Bf6 Qc8 52.
Qxc8+ Bxc8 53. Bd8 Nc6 54. Bb6 Kg7 55. Bc5 Bd7 56. Kf2 g5 57. Ke3 Be8 58. Ba4
Bd7 59. Bc2 Na5 60. b3 Bb5 61. Kf2 Be8 62. Bb6 Nc6 63. Ke3 Nb4 64. Bb1 Bb5 65.
Bc5 Na6 66. Bd3 Nc7 67. Bxb5 Nxb5 68. Kd3 h5 69. b4 hxg4 70. hxg4 Kf7 71. Kc2
Ke8 72. Kb3 Kd7 73. Ka4 Kc6 74. Ka5 Nc3 75. Be7 Nb5 76. Bxg5 Nxd4 77. Be3 Nf3
78. b5+ Kb7 79. Bf4 d4 80. g5 Nh4 81. Kb4 Ng6 82. Bg3 d3 83. Be1 Nxe5 84. Kc3
Kb6 85. Bg3 Ng6 86. Kxd3 Kxb5 87. Ke4 Kc5 88. Bb8 Kc6 89. Kd4 Kd7 90. Kc5 Ke7
91. Bd6+ Kf7 92. Bg3 Nf8 93. Kd6 Nh7 94. Bh4 Nxg5 95. Bxg5 1/2-1/2

[Event "SR 2. liga A 2007/2008"]
[Site "?"]
[Date "2007.12.01"]
[Round "5.5"]
[White "Nagy, Tomas"]
[Black "Mihalik, Anton"]
[Result "1-0"]
[WhiteElo "2183"]
[BlackElo "1981"]
[PlyCount "133"]
[EventDate "2007.??.??"]

1. d4 d5 2. c4 e6 3. Nc3 Nf6 4. Bg5 Nbd7 5. cxd5 exd5 6. e3 Be7 7. Bd3 c6 8.
Nge2 O-O 9. O-O Re8 10. Rc1 Ne4 11. Bf4 Ndf6 12. Ng3 Bd6 13. Bxd6 Qxd6 14.
Ncxe4 Nxe4 15. Bxe4 dxe4 16. Qh5 Qe6 17. b3 b6 18. Rc3 Bd7 19. Rfc1 Rac8 20.
Qe2 g6 21. Qa6 Rc7 22. b4 Bc8 23. Qa3 Qd5 24. Ne2 g5 25. Qb3 Qb5 26. Ng3 Be6
27. a4 Qd5 28. Qc2 Bd7 29. b5 Re6 30. h3 f5 31. Qb3 Qxb3 32. Rxb3 Rd6 33. Rbc3
Kf7 34. Kf1 Ke6 35. Ke2 Kd5 36. f3 exf3+ 37. gxf3 Rc8 38. a5 Rf8 39. bxc6 Rxc6
40. e4+ fxe4 41. fxe4+ Kd6 42. Nf5+ Rxf5 43. Rxc6+ Bxc6 44. exf5 Bd7 45. axb6
axb6 46. f6 Ke6 47. Rc7 Bb5+ 48. Ke3 Kxf6 49. Rxh7 Bf1 50. Rh6+ Kg7 51. Rxb6
Bxh3 52. Ke4 Kf7 53. Ke5 Ke7 54. Rg6 g4 55. d5 Kf7 56. Rg5 Ke7 57. Rg7+ Kf8 58.
Rh7 Kg8 59. Rh4 Kf7 60. d6 Bf1 61. Rxg4 Bb5 62. Rb4 Bd7 63. Rf4+ Ke8 64. Kd5
Bb5 65. Kc5 Bd7 66. Kb6 Bh3 67. Kc7 1-0

[Event "SR 2. liga A 2007/2008"]
[Site "?"]
[Date "2007.12.01"]
[Round "5.5"]
[White "Syrovy, Ivan"]
[Black "Lesny, Stefan"]
[Result "1/2-1/2"]
[WhiteElo "2097"]
[BlackElo "2114"]
[Annotator ",Kaiko"]
[PlyCount "72"]
[EventDate "2007.??.??"]
[TimeControl "240+2"]

{74MB, Hiarcs10.ctg} 1. e4 e5 2. Nf3 Nc6 3. Bb5 a6 4. Ba4 d6 5. d4 Bd7 6. d5
Nb8 7. Bxd7+ Nxd7 8. c4 Ngf6 9. Nc3 Be7 10. O-O O-O 11. a3 Qc8 12. Ng5 h6 13.
Nh3 Nc5 14. Qc2 Nh7 15. b4 Nd7 16. Be3 Ng5 17. Nxg5 Bxg5 18. Bxg5 hxg5 19. Na4
Qd8 20. c5 Nf6 21. Rac1 Rc8 22. Qd3 Qe7 23. Rfe1 Rfe8 24. c6 b5 25. Nc3 Rb8 26.
Rb1 Rb6 27. Rb2 Reb8 28. Ra1 g4 29. a4 bxa4 30. Rxa4 Nh5 31. g3 Qg5 32. Rb1 Nf6
33. Qc4 Qd2 34. Rd1 Qc2 35. Re1 Qd2 36. Rd1 Qc2 1/2-1/2

[Event "SR 2. liga A 2007/2008"]
[Site "?"]
[Date "2007.12.01"]
[Round "5.6"]
[White "Curidlo, Jan"]
[Black "Nagy, Attilla"]
[Result "0-1"]
[WhiteElo "2042"]
[BlackElo "2184"]
[PlyCount "80"]
[EventDate "2007.??.??"]

1. e4 c5 2. Nf3 Nc6 3. d4 cxd4 4. Nxd4 Nf6 5. Nc3 e5 6. Nb3 Bb4 7. Bd3 d5 8.
Bd2 Bg4 9. f3 Bxc3 10. bxc3 dxe4 11. Be2 exf3 12. Bxf3 Bxf3 13. Qxf3 Qd5 14.
Qxd5 Nxd5 15. O-O-O b6 16. Kb2 O-O-O 17. c4 Nc7 18. c3 Ne6 19. g3 Rd3 20. Rhf1
f6 21. Kc2 Rhd8 22. Nc1 R3d6 23. Nb3 Kc7 24. Rfe1 Ne7 25. g4 Kc6 26. a4 Ng6 27.
a5 Ngf4 28. axb6 axb6 29. Ra1 Nc5 30. Bxf4 Nxb3 31. Kxb3 exf4 32. Re7 R8d7 33.
Re8 Rd1 34. Rc8+ Kb7 35. Raa8 f3 36. c5 bxc5 37. Rab8+ Ka6 38. Kc4 f2 39. Kxc5
f1=Q 40. Ra8+ Ra7 0-1

[Event "SR 2. liga A 2007/2008"]
[Site "?"]
[Date "2007.12.01"]
[Round "5.6"]
[White "Krajnak, Robert"]
[Black "Sosovicka, Juraj"]
[Result "0-1"]
[WhiteElo "2118"]
[BlackElo "1902"]
[PlyCount "62"]
[EventDate "2007.??.??"]

1. c4 e5 2. e3 Nf6 3. Nc3 d5 4. cxd5 Nxd5 5. Nf3 Nxc3 6. bxc3 Bd6 7. d4 Nd7 8.
Bd3 O-O 9. Qc2 h6 10. O-O Qe7 11. c4 c5 12. d5 Nf6 13. Nd2 Bd7 14. Bf5 Bxf5 15.
Qxf5 Rae8 16. e4 g6 17. Qh3 Kg7 18. Rb1 b6 19. a4 Nh5 20. Re1 Nf4 21. Qc3 Qg5
22. g3 Nh3+ 23. Kg2 Nf4+ 24. Kh1 Nh3 25. Nf3 Qg4 26. Kg2 f5 27. exf5 Rxf5 28.
a5 Ref8 29. Re3 Ng5 30. axb6 Qh3+ 31. Kh1 Qf1+ 0-1

[Event "SR 2. liga A 2007/2008"]
[Site "?"]
[Date "2007.12.01"]
[Round "5.6"]
[White "Obdrzalkova, Anita"]
[Black "Beles, Milan"]
[Result "1-0"]
[WhiteElo "2064"]
[BlackElo "2105"]
[Annotator ",Kaiko"]
[PlyCount "127"]
[EventDate "2007.??.??"]
[TimeControl "240+2"]

{74MB, Hiarcs10.ctg} 1. d4 Nf6 2. Nf3 g6 3. c4 Bg7 4. Nc3 d5 5. cxd5 Nxd5 6. e4
Nxc3 7. bxc3 O-O 8. Be3 c5 9. Qd2 Qa5 10. Rc1 Bg4 11. Be2 Rd8 12. d5 Nc6 13.
Qb2 Bxf3 14. Bxf3 Nd4 15. Bd1 Nb5 16. Bd2 Nd6 17. Qc2 c4 18. O-O b5 19. Bg5 Kf8
20. Re1 Nb7 21. Bf3 Nc5 22. d6 exd6 23. Bxd8 Rxd8 24. Be2 Na4 25. f4 Bxc3 26.
Rf1 Bg7 27. f5 Be5 28. fxg6 hxg6 29. Bg4 Kg7 30. Rf3 Qb6+ 31. Kh1 Re8 32. Rcf1
Re7 33. Qd2 c3 34. Qg5 Qc7 35. Rh3 Kg8 36. Qh6 c2 37. Bh5 Bg7 38. Qg5 gxh5 39.
Rg3 f5 40. exf5 h4 41. Rg4 Rf7 42. f6 c1=Q 43. Rxc1 Rxf6 44. Qd5+ Qf7 45. Rc8+
Kh7 46. Qd3+ Rg6 47. Rxh4+ Bh6 48. Rg4 Qe6 49. Rc7+ Bg7 50. Qxg6+ Qxg6 51. Rxg6
Kxg6 52. Rxa7 Nc3 53. Ra6 Be5 54. h3 Kf5 55. Kg1 Ke4 56. Kf1 d5 57. Ke1 Kd3 58.
g4 Bg3+ 59. Kf1 Ke3 60. g5 d4 61. Re6+ Ne4 62. g6 d3 63. Rxe4+ Kxe4 64. g7 1-0

[Event "SR 2. liga A 2007/2008"]
[Site "?"]
[Date "2007.12.01"]
[Round "5.6"]
[White "Vrba, Michal"]
[Black "Goga, Frantisek"]
[Result "1/2-1/2"]
[WhiteElo "1970"]
[BlackElo "1986"]
[PlyCount "35"]
[EventDate "2007.??.??"]
[WhiteTeam "Doprastav BA C"]
[BlackTeam "Doprastav BA D"]

1. e4 c5 2. Nf3 d6 3. d4 cxd4 4. Nxd4 Nf6 5. Nc3 a6 6. Bg5 e5 7. Nb3 Be6 8. Qd2
Nbd7 9. O-O-O b5 10. Bd3 Be7 11. h4 h6 12. Bxf6 Nxf6 13. f3 Nd7 14. Qf2 Rc8 15.
Nd5 Bxd5 16. exd5 Qb6 17. Qxb6 Nxb6 18. Be4 1/2-1/2

[Event "SR 2. liga A 2007/2008"]
[Site "?"]
[Date "2007.12.01"]
[Round "5.7"]
[White "Barca, Michal"]
[Black "Diviak, Rudolf"]
[Result "0-1"]
[WhiteElo "1854"]
[BlackElo "1889"]
[PlyCount "52"]
[EventDate "2007.??.??"]

1. c4 Nf6 2. Nc3 d6 3. Nf3 g6 4. d4 Bg7 5. g3 O-O 6. Bg2 Nbd7 7. O-O e5 8. Bg5
c6 9. Ne4 Qc7 10. Nxf6+ Nxf6 11. Rc1 Qb6 12. dxe5 dxe5 13. b3 Qc7 14. Nd2 Be6
15. e4 h6 16. Be3 Rad8 17. Qc2 b6 18. f4 Ng4 19. Rce1 Nxe3 20. Rxe3 exf4 21.
gxf4 Bd4 22. Qd3 Bg4 23. Kh1 Be5 24. Qc2 Bxf4 25. Rd3 Rxd3 26. Qxd3 Rd8 0-1